|
|
|
|
| LEADER |
01076nam a2200277 a 4500 |
| 001 |
3633308 |
| 008 |
090715r19791965enk b 000 0 eng d |
| 010 |
|
|
|a \\\75005290
|
| 020 |
|
|
|a 0416475302
|
| 020 |
|
|
|a 041649630X
|
| 040 |
|
|
|a DLC
|c DLC
|d DLC
|
| 082 |
0 |
0 |
|a 822.3/3
|2 18
|
| 100 |
1 |
|
|a Shakespeare, William,
|d 1564-1616.
|
| 245 |
1 |
0 |
|a Measure for measure /
|c edited by J. W. Lever.
|
| 260 |
|
|
|a London :
|b Methuen ;
|a Cambridge :
|b Harvard University Press,
|c 1965 [reprinted 1979]
|
| 300 |
|
|
|a xcviii, 203 p. ;
|c 21 cm.
|
| 490 |
0 |
|
|a The Arden Shakespeare
|
| 504 |
|
|
|a Includes bibliographical references.
|
| 541 |
1 |
|
|e 00009314
|
| 650 |
|
0 |
|a Chastity
|x Drama.
|
| 650 |
|
0 |
|a Brothers and sisters
|x Drama.
|
| 651 |
|
0 |
|a Vienna (Austria)
|x Drama.
|
| 700 |
1 |
|
|a Lever, J. W.
|q (Julius Walter),
|e ed.
|
| 852 |
4 |
|
|a Ayesha Abed Library
|j General shelf
|
| 999 |
|
|
|c 2462
|d 2462
|
| 952 |
|
|
|0 0
|1 0
|2 ddc
|4 1
|6 822_300000000000000_3_SHA
|7 0
|9 2278
|a BRACUL
|b BRACUL
|c SPS
|d 2009-07-16
|g 0.00
|l 1
|m 7
|o 822.33 SHA
|p 3010009314
|r 2016-07-17
|s 2016-06-01
|t 1
|w 2009-07-16
|y BK
|x No price found in the accession register.
|